| 000 | 00499nam a22001697a 4500 | ||
|---|---|---|---|
| 005 | 20240704082321.0 | ||
| 008 | 240704b |||||||| |||| 00| 0 eng d | ||
| 022 | _a10163107 | ||
| 041 | _aEnglish/Afrikaans | ||
| 082 | _a349 SOU | ||
| 100 | _lEnglish/Afrikaans | ||
| 245 | _aSouth African Criminal Law Reports | ||
| 260 |
_aCape Town: _bJuta and Company Ltd, _c2002 |
||
| 300 |
_bliii, 723 pages; _c26 cm. |
||
| 650 |
_aLegal practice _bLaw |
||
| 942 |
_cBK _6ALISON_BN_VRIES |
||
| 999 |
_c2101 _d2101 |
||